Top 15 Most Popular Female Directors - Statistics

General Stats
  • This quiz has been taken 12 times
  • The average score is 4 of 15
Answer Stats
Hint Answer % Correct
2 Kathryn Bigelow
73%
3 Chloe Zhao
55%
11 Penny Marshall
45%
5 Sofia Coppola
45%
1 Greta Gerwig
36%
4 Jane Campion
36%
10 Nora Ephron
27%
6 Agnes Varda
18%
7 Patty Jenkins
18%
8 Ava DuVernay
9%
15 Chantal Akerman
9%
13 Claire Denis
9%
9 Emerald Fennell
9%
12 Alice Guy Blache
0%
14 Julia Ducournau
0%
No matching quizzes found
Score Distribution
Percent of People with Each Score
Percentile by Number Answered
Your Score History
You have not taken this quiz